LIBRARY & INFORMATION CENTRE, KCAET, TAVANUR

ONLINE PUBLIC ACCESS CATALOGUE (OPAC)

Intermediate psychology / (Record no. 1827)

MARC details
000 -LEADER
fixed length control field 00411cam a2200169ua 4500
041 ## - LANGUAGE CODE
Language code of text/sound track or separate title eng
082 ## - DEWEY DECIMAL CLASSIFICATION NUMBER
Classification number 612
Item number EKA/IN
100 ## - MAIN ENTRY--AUTHOR NAME
Personal name Ekambaranatha, Ayyar.M .
245 ## - TITLE STATEMENT
Title Intermediate psychology /
260 ## - PUBLICATION, DISTRIBUTION, ETC. (IMPRINT)
Place of publication :
Name of publisher Viswanathan.S ,
Year of publication 1946.
300 ## - PHYSICAL DESCRIPTION
Number of Pages 256 ; .
942 ## - ADDED ENTRY ELEMENTS (KOHA)
Koha item type Books
Holdings
Withdrawn status Lost status Damaged status Home library Current library Date acquired Full call number Accession Number Koha item type
Withdrawn     KAUAET KAUAET 07/04/2012 612 EKA/IN 8182 Books
free website counter